[Event "RSA-ch U12"]
[Site "Gauteng"]
[Date "2017.04.08"]
[Round "7"]
[White "Kippen, Robben"]
[Black "Collier, Zachary"]
[Result "1/2-1/2"]
[WhiteElo "954"]
[BlackElo "1003"]
[PlyCount "46"]
[EventDate "2017.04.05"]
[EventType "swiss"]
[EventRounds "11"]
[EventCountry "RSA"]
[SourceTitle "CBM 177 Extra"]
[Source "ChessBase"]
[SourceDate "2017.04.27"]
[SourceVersion "1"]
[SourceVersionDate "2017.04.27"]
[SourceQuality "1"]

1. e4 d6 2. Nf3 Nf6 3. Nc3 g6 4. h3 Bg7 5. Bc4 Nbd7 6. d3 b6 7. Bg5 Bb7 8. 0-0 0-0 9. Qd2 c5 10. a3 Rc8 11. b4 a6 12. Ra2 b5 13. Bd5 Nxd5 14. Nxd5 Bxd5 15. exd5 cxb4 16. axb4 Qb6 17. Bxe7 Rfe8 18. Bg5 Bc3 19. Qf4 Bg7 20. Bh6 Nf6 21. Bxg7 Kxg7 22. Qd4 Qxd4 23. Nxd4 Nxd5 1/2-1/2

[Event "RSA-ch U12"]
[Site "Gauteng"]
[Date "2017.04.07"]
[Round "4"]
[White "Nair, Mayaskar"]
[Black "Kippen, Robben"]
[Result "1-0"]
[WhiteElo "1129"]
[BlackElo "954"]
[PlyCount "63"]
[EventDate "2017.04.05"]
[EventType "swiss"]
[EventRounds "11"]
[EventCountry "RSA"]
[SourceTitle "CBM 177 Extra"]
[Source "ChessBase"]
[SourceDate "2017.04.27"]
[SourceVersion "1"]
[SourceVersionDate "2017.04.27"]
[SourceQuality "1"]

1. e4 e5 2. Nf3 Nc6 3. d4 exd4 4. Nxd4 Bc5 5. Nb3 Bb6 6. Qe2 Nf6 7. Nc3 d6 8. Bg5 Be6 9. 0-0-0 Bxb3 10. cxb3 Qe7 11. f3 h6 12. Be3 Rc8 13. Kb1 0-0 14. g4 Nd7 15. h4 f6 16. Nd5 Qd8 17. Qh2 Kf7 18. g5 Bxe3 19. Nxe3 fxg5 20. Bc4+ Ke8 21. Nf5 Qf6 22. hxg5 Qxg5 23. Rdg1 Qf6 24. Nxg7+ Ke7 25. Nf5+ Kd8 26. Qxh6 Nce5 27. Ng7 Nxc4 28. bxc4 Qxh6 29. Rxh6 Rf7 30. Rg3 Nf8 31. Ne6+ Nxe6 32. Rxe6 1-0